01021nam a2200265Ia 4500001000600000003000900006008004100015040001300056040001300069041001300082100002000095100002900115245003700144245005900181250001100240260001100251260001800262260004900280300005800329500019400387650004300581650003100624700004600655700005400701H9012IT-RoPAU130308s9999 xx 000 0 und d aIT-RoPAU cIT-RoPAU aITALIANO aBracco Fabrizio gCodice Aut. SPICS: 59591 aErrore (L'). Umano, troppo umano bComunicare. Elementi di Psicologia della Comunicazione a1a ed. aMILANO bAngeli Franco c2009 [1° Ed.:2009 - Ed.Ling.Originale:2009] a"17 p. (prefazione: no ; testo: 17 [pagine: 90-106])" a"Dilemma di Turing: un Volo Fortunato. Dalla Complessità Alla sicurezza Nei sistemi Socio Tecnici: Errare è Umano; Oltre Riduzionismo; dal Formaggiosvizzero Alla Coppa della Sicurezza." aPSICOLOGIA DELLA COMUNICAZIONE SOCIALE eCodice materia Spics: 3805 aCipresso PietroVillamira Marco Alessandro gCodice Aut. SPICS: 59593Codice Aut. SPICS: 59590